Návrh skúšobného zariadenia hydraulických zdvihákov

Na minha lista:
Detalhes bibliográficos
Autor principal: Hôrka, Martin, 1991- (Author)
Outros Autores: Kleinedlerová, Ivana, 1983- (Thesis advisor)
Formato: Manuscrito Livro
Idioma:eslovaco
Publicado em: 2015
Assuntos:
Acesso em linha:http://is.stuba.sk/zp/portal_zp.pl?podrobnosti=110932
Tags: Adicionar Tag
Sem tags, seja o primeiro a adicionar uma tag!

MARC

LEADER 00000ntm a22000003a 4500
001 stuzp50760
003 SK-STU
005 20160719153645.9
007 ta
008 150427s2015----xo-----f-mn---000-0-slo-d
040 |a STU  |b slo 
041 0 |a slo 
100 1 |a Hôrka, Martin,  |d 1991-  |u 063000  |4 aut  |U MTF Materiálovotechnologická fakulta  |T MTF Ústav výrobných technológií  |X 6830  |U M3000  |Y 83  |7 A000006830 
242 0 1 |a Design of Testing Equipment for Hydraulic Hoists  |y eng 
245 1 0 |a Návrh skúšobného zariadenia hydraulických zdvihákov 
260 |c 2015 
650 4 |a hydraulický zdvihák  |2 slo 
650 4 |a konštrukcia  |2 slo 
650 4 |a skúšanie  |2 slo 
650 4 |a generálna oprava  |2 slo 
650 4 |a Hydraulic Hoist  |2 eng 
650 4 |a Construction  |2 eng 
650 4 |a Testing  |2 eng 
650 4 |a Overhaul  |2 eng 
700 1 |a Kleinedlerová, Ivana,  |d 1983-  |4 ths  |X 31789  |7 A000031789 
856 4 |u http://is.stuba.sk/zp/portal_zp.pl?podrobnosti=110932 
996 |c M* DP-12374  |l MMSKP  |s P  |a 0  |w stuzp50760_0001 
SQL |a stuzp50760  |b DDP  |c SLO  |d Návrh skúšobného zariadenia hydraulických zdvihákov  |e 6830  |f Hôrka, Martin  |g 063000  |h 31789  |i Kleinedlerová, Ivana  |j 20150604  |k 187  |l 06  |m http://is.stuba.sk/zp/portal_zp.pl?podrobnosti=110932  |n I-PPN  |o 5.2.51. výrobné technológie